Дело о выкупе земельных наделов временнообязанными крестьянами Малоархангельского уезда Орловской губернии наследников Офросимов...

Доступно только в Электронных читальных залах Найти на картеНа карте
RUSMARC
00004187nmc2a2200000 x 450
0014c05fc86-5577-4b1e-8b85-3682a885b073
00520170921041223.0
100##$a20140401l18851885k l0rusy0189 ca
1010#$arus
102##$aRU
2001#$aДело о выкупе земельных наделов временнообязанными крестьянами Малоархангельского уезда Орловской губернии наследников Офросимова И.Н. села Ахтырского (Калпенской Платы)
$j4 февраля - 3 декабря 1885 г
251##$cДело
300##$aДело
300##$aОриг. заголовок дела: Дело наследников Офросимова И.Н. Орловской губернии Малоархангельского уезда села Ахтырского (Калпенской Платы). 4 февраля 1885 г. - 3 декабря 1885 г
801#0$aRU
$bРГИА
$c20140401
$gRCR
801#1$aRU
$bГлавНИВЦ
$c20140401
$2rusmarc
801#2$aRU
$bПБ им. Б.Н. Ельцина
$c20170921
$gRCR
$2rusmarc
850##$aРГИА
852##$aРГИА
$eФедеральное казенное учреждение "Российский государственный исторический архив" (РГИА)
$j1952
937##$hРГИА
$d11048978
$aASBIBLIO_SCAN
462#0$10012327ab3a-0548-404e-b4cb-e37355ac5039
$12001
$a1863-1889 гг.
$1251
$cОпись
$1852
$j26
461#0$10018ef30ad5-ff5c-4840-a721-74c62a200f95
$12001
$aГлавное выкупное учреждение Министерства финансов
$1251
$cФонд
$1852
$j577
215##$a40 л.
$d36,5x26 см
371##$aДокумент не является опубликованным и широко распространяемым
105##$aу###
1222#$ad
5171#$aДело наследников Офросимова И.Н. Орловской губернии Малоархангельского уезда села Ахтырского (Калпенской Платы). 4 февраля 1885 г. - 3 декабря 1885 г.
035##$a4c05fc86-5577-4b1e-8b85-3682a885b073
856##$uhttp://readingroom.main.prlib.ru/item.aspx?id_node=n105156099&mode=full
Формат отображения